01651nam a2200217Ia 4500001001300000003001000013005001700023008004100040040002500081041000700106100004600113245008300159260003500242300001200277500014700289501001900436520073700455650001901192654001101211700021101222b6161-43091 IT-MiCISF20250829134249.0161014s9999||||xx |||||||||||||| ||und|| aIT-MiCISFcIT-MiCISF ait aDonati Pierpaolo, Colozzi Ivo (a cura di) 0aTerzo settore e valorizzazione del capitale sociale in Italia: luoghi e attori a Milano,bFranco Angeli,c2006 app. 347 a. # / società, capitale-sociale, famiglia, scuola, terzo-settore, associazionismo, volontariato, territorio, associazioni, alcolismo / ci. acontiene cdrom aIl volume offre una nuova lettura di come il Terzo settore generi e utilizzi il capitale sociale, attraverso i risultati emersi da un'indagine nazionale svolta dalle Università di Bologna, Milano, Verona, Trento, Padova, Palermo e del Molise. La questione è stata analizzata con riferimento a diversi ambiti: le scuole statali e di privato sociale, i collegi universitari, i Centri alcolisti in trattamento, l'associazionismo di quartiere, il volontariato, una organizzazione non profit, la comunicazione attivata dal terzo settore. Al libro è allegato un CD Rom che contiene le informazioni tecniche relative alle ricerche condotte: questionari, schede di rilevazione, campioni intervistati, dati statistici più analitici. aSocietàe001 asaggio a Donati P., Colozzi I., Prandini R., Tronca L., Maccarini A., Ferrucci F., Stanziani S., Folgheraiter F., Pasini A.,aDi Nicola P., Golinelli M., Scidà G., Rossi G., Boccacin L., Martelli S., Lanzetti C.